| 000 | 00810pam a2200217 a 4500 | ||
|---|---|---|---|
| 001 | 4379895 | ||
| 005 | 20250303090506.0 | ||
| 008 | 911011s1993 nyua b 000 0 eng c | ||
| 020 |
_a0070519986 : _c$15.95 |
||
| 050 | 0 | 0 |
_aRM301.13 _b.P475 1993 |
| 082 | 0 | 0 |
_a615/.1/076 _220 |
| 245 | 0 | 0 |
_aPharmacology : _bPreTest self-assessment and review / _csenior editor, Joseph R. DiPalma ; contributing editors, Edward J. Barbieri ... [et al.]. |
| 250 | _a7th ed. | ||
| 260 |
_aNew York : _bMcGraw-Hill, Inc., Health Professions Division/PreTest Series, _cc1993. |
||
| 300 |
_aix, 223 p. : _bill. ; _c22 cm. |
||
| 440 | 0 | _aBasic sciences series | |
| 650 | 0 |
_aPharmacology _xExaminations, questions, etc. |
|
| 650 | 2 |
_aPharmacology _xexamination questions. |
|
| 700 | 1 | _aDiPalma, Joseph R. | |
| 942 |
_2lcc _cBK _e7th ed. _n0 |
||
| 999 |
_c4460 _d4460 |
||